00627 a2200169 4500003000500000005001700005040000900022082001200031100002900043245009800072260003200170300001600202505018400218538002900402650001400431651001200445Nust20170207153219.0 cNust a621.382 aAbbasi, Sadaf (MSEE-11) aPerformance evaluation of pilot assisted channel estimation algorithms for OFDMcSadaf Abbasi aRawalpindibMCS, NUSTc2009 axvi, 96, p. aOrthogonal frequency division multiple access (page-4) Pilot associated channel estimation in OFDM (page-14) Pilot insertion algorithms (page-23) Results and conclusion (page-89). aAlmirah No 69 Shelf No 2 aMS Thesis aMSEE-11